000 01013nas a2200313 4500
001 BR2014002733
003 BR-BrBNA
005 20231205123945.0
007 ta
008 230509b bl.|||p| |||| 00| 00por d
040 _aBR-BrBNA
_bpor
_cBiblioteca Nacional de Agricultura
041 _a(Pt)
072 _aF04; F61
100 1 _aSilva, E. de B.
100 1 _aFarnezi, M.M. de M.
100 1 _aPinho, P.J. de
100 1 _aRodrigues, M.G.V.
100 1 _aCarvalho, J.G. de
245 1 _aAplicação de doses de zinco, via solo, na bananeira Prata Anã (AAB)irrigada, no norte de Minas Gerais
650 _aBANANA PRATA
650 _aNUTRIÇÃO VEGETAL
650 _aANÁLISE FOLIAR
650 _aZINCO
650 _aMINAS GERAIS
773 0 _tRevista Brasileira de Ciência do Solo (Brazil)
_xISSN 0100-0683
_g(Nov-Dec 2007), v. 31(6) p. 1497-1502
_wBR2014002733
856 4 0 _uhttp://www.scielo.br/pdf/rbcs/v31n6/26.pdf
909 _a202311
_bLúcia
_c55
_dLúcia Elande
942 _2AGRIS
_n0
_cANA
999 _c236595
_d236595